000 00439nam a2200169Ia 4500
001 15853
003 IN-NITTTR
005 20251114233149.0
008 251113s9999||||xx |||||||||||||| ||eng||
040 _beng
040 _cIN-NITTTR
041 _aeng
082 _a658 M363M
100 _aMartin, Shah
245 0 _aManaging without managers :
_b alternative work arrangements in public organizations /
_cMartin, Shah
942 _2ddc
_cBK
999 _c18487
_d18487